000 00584nam a2200217 i 4500
001 bgj
100 1 _aHAMMETT, Dashiell
_d(1894-1961)
245 1 0 _aThe thin man /
_cDashiell Hammet.
260 _aNew York :
_bVintage Books,
_c1972.
300 _a180 pp ;
_c19 cm.
650 9 _aPrivate investigators
_xFiction
650 9 _aWomen detectives
_xFiction
650 9 _aMarried women
650 9 _aDetective and mystery stories
020 _a0394717740
040 _cBPK
041 0 _aeng
920 _a0-394-71774-0
942 _cKS
008 s uk f |000 0 eng
999 _c48695
_d48695
856 _uhttp://koha.tu.koszalin.pl/cgi-bin/koha/opac-detail.pl?biblionumber=48695
_yKatalog online BPK